| 000 | 00571cam a2200229 4500 | ||
|---|---|---|---|
| 001 | B1543 | ||
| 008 | 090401t1985 xxu||||| |||| 00| 0 eng d | ||
| 035 | _a(Sirsi) u45096 | ||
| 041 | _aeng | ||
| 050 | _a333.337 | ||
| 110 |
_aJones Lang Wootton _92909 |
||
| 245 | 2 | _aA guide to trends in international office rents. - May 1985 | |
| 260 |
_aLondon _bJones Lang Wootton _c1985 |
||
| 300 | _a(8)p. ; 30cm. | ||
| 350 | _a0 | ||
| 520 | _aPhotocopy. | ||
| 650 | _aINTERNATIONAL PROPERTY | ||
| 650 | _aOFFICES | ||
| 650 | _aRENT | ||
| 942 | _n0 | ||
| 948 | _c04/03/1997 | ||
| 999 |
_c91645 _d91645 |
||